DISCRETE MATHAMETICS AND ITS APPLICATIONS. (Record no. 25819)

MARC details
000 -LEADER
fixed length control field 00372nam a22001577a 4500
003 - CONTROL NUMBER IDENTIFIER
control field SGT
020 ## - INTERNATIONAL STANDARD BOOK NUMBER
International Standard Book Number 9789390727353
082 ## - DEWEY DECIMAL CLASSIFICATION NUMBER
Classification number 511.1,ROS
100 ## - MAIN ENTRY--PERSONAL NAME
Personal name ROSEN KENNETH.H
245 ## - TITLE STATEMENT
Title DISCRETE MATHAMETICS AND ITS APPLICATIONS.
250 ## - EDITION STATEMENT
Edition statement 8TH
260 ## - PUBLICATION, DISTRIBUTION, ETC. (IMPRINT)
Place of publication, distribution, etc CHENNAI
Name of publisher, distributor, etc MC GRAW HILL EDUCATION
Year of Publication 2024
300 ## - PAGE DESCRIPTION
No. of Pages 1068
650 ## - SUBJECT ADDED ENTRY--TOPICAL TERM
Topical term or geographic name as entry element Mathematics
942 ## - ADDED ENTRY ELEMENTS (KOHA)
Source of classification or shelving scheme Dewey Decimal Classification
Koha item type Books
942 ## - ADDED ENTRY ELEMENTS (KOHA)
-- 26
Holdings
Withdrawn status Lost status Source of classification or shelving scheme Damaged status Not for loan Collection code Home library Current library Shelving location Date acquired Vendor Name Cost, normal purchase price SGTU Bill Number Total Checkouts Full call number Accession No. (Barcode) Date last seen Date last borrowed Bill Date Koha item type Use restrictions
    Dewey Decimal Classification     ENGINEERING SGT Engineering Library SGT Engineering Library Text Book 14/03/2024 SAVERA BOOK DISTRIBUTORS 1050.00 SGTU 23-24/CRB/922 4 511.1,ROS FE8878 15/12/2025 01/12/2025   Books  
    Dewey Decimal Classification     ENGINEERING SGT Engineering Library SGT Engineering Library Text Book 14/03/2024 SAVERA BOOK DISTRIBUTORS 1050.00 SGTU 23-24/CRB/922 1 511.1,ROS FE8879 25/03/2025 25/03/2025   Books  
    Dewey Decimal Classification     ENGINEERING SGT Engineering Library SGT Engineering Library Text Book 14/03/2024 SAVERA BOOK DISTRIBUTORS 1050.00 SGTU 23-24/CRB/922 2 511.1,ROS FE8880 20/12/2024 20/12/2024   Books  
    Dewey Decimal Classification     ENGINEERING SGT Engineering Library SGT Engineering Library Text Book 14/03/2024 SAVERA BOOK DISTRIBUTORS 1050.00 SGTU 23-24/CRB/922 4 511.1,ROS FE8881 04/08/2025 04/07/2025   Books  
    Dewey Decimal Classification     ENGINEERING SGT Engineering Library SGT Engineering Library Text Book 14/03/2024 SAVERA BOOK DISTRIBUTORS 1050.00 SGTU 23-24/CRB/922 1 511.1,ROS FE8882 09/10/2024 08/10/2024   Books  
    Dewey Decimal Classification     ENGINEERING SGT Engineering Library SGT Engineering Library Text Book 14/03/2024 SAVERA BOOK DISTRIBUTORS 1050.00 SGTU 23-24/CRB/922 12 511.1,ROS FE8883 04/02/2025 04/02/2025   Books  
    Dewey Decimal Classification     ENGINEERING SGT Engineering Library SGT Engineering Library Text Book 14/03/2024 SAVERA BOOK DISTRIBUTORS 1050.00 SGTU 23-24/CRB/922   511.1,ROS FE8884 14/03/2024     Books Restricted Access
    Dewey Decimal Classification     ENGINEERING SGT Engineering Library SGT Engineering Library Text Book 14/03/2024 SAVERA BOOK DISTRIBUTORS 1050.00 SGTU 23-24/CRB/922 5 511.1,ROS FE8885 18/02/2026 02/02/2026   Books  
    Dewey Decimal Classification     ENGINEERING SGT Engineering Library SGT Engineering Library Text Book 14/03/2024 SAVERA BOOK DISTRIBUTORS 1050.00 SGTU 23-24/CRB/922 1 511.1,ROS FE8886 28/02/2025 13/02/2025   Books  
    Dewey Decimal Classification     ENGINEERING SGT Engineering Library SGT Engineering Library Text Book 14/03/2024 SAVERA BOOK DISTRIBUTORS 1050.00 SGTU 23-24/CRB/922 6 511.1,ROS FE8887 16/02/2026 13/08/2025   Books